000 00463nam a2200145Ia 4500
008 230917s9999||||xx |||||||||||||| ||und||
040 _e172218
_aMAIN
041 _aEnglish
082 _a891.437731 SG23R
100 _aगिरीराज शरण
245 0 _aराजनीतिक परिवेश पर व्यग्यं
260 _aनई दिल्ली
_bप्रभात प्रकाशन
_c1996
300 _a143 p.
942 _cHN
999 _c90807
_d90807